| 000 | 00752nam a2200217 i 4500 | ||
|---|---|---|---|
| 001 | 158848 | ||
| 003 | ES-MaACL | ||
| 005 | 20230906211338.0 | ||
| 008 | 040908s1883 xxkaf |||| | eng d | ||
| 040 |
_aCAM _bspa _cCAM |
||
| 100 | 1 |
_aMarshall, John ( _d1818-1891) _9153385 |
|
| 245 | 1 | 0 |
_aAnatomy for artists / _cby John Marshall ; illustrated by two hundred original drawings by J.S. Cuthbert ; engraved by J. and G. Nicholls. |
| 250 | _a2nd ed. | ||
| 260 |
_aLondon : _bSmith, Elder & Co., _c1883. |
||
| 300 |
_aXIV, 436 p. : _bil. ; _c29 cm. |
||
| 650 | 4 |
_aAnatomÃa artÃstica. _9145729 |
|
| 700 | 1 |
_aCuthbert, J.S. _9126679 |
|
| 700 | 1 |
_aNicholls, J. _9130462 |
|
| 700 | 1 |
_aNicholls, G. _9130461 |
|
| 852 |
_aES-MaACL _jG-8279 _z-- Enc. tela |
||
| 999 |
_c158848 _d158848 |
||